ბათუმის შოთა რუსთაველის სახელმწიფო უნივერსიტეტის ბიბლიოთეკა

იფიქრე სწრაფად, იფიქრე ნელა / (ბიბ.ჩანაწერი № 62088)

000 -ლიდერი
ფიქსირებული სიგრძის საკონტროლო ველი 01205nam a22002537a 4500
003 - საკონტროლო ნომრის იდენტიფიკატორი
საკონტროლო ველი Ge_BSU
005 - ბოლო ოპერაციის თარიღი და დრო
საკონტროლო ველი 20240705164557.0
008 - ფიქსირებული სიგრძის მონაცემთა ელემენტები - ზოგადი ინფორმაცია
ფიქსირებული სიგრძის საკონტროლო ველი 240705s2023 ge ||||| |||| 00| 0 geo d
020 ## - წიგნის საერთაშორისო სტანდარტული ნომერი
International Standard Book Number 9789941356704X
041 ## - ენის კოდი
Language code of text/sound track or separate title geo
080 ## - უნივერსალური ათობითი კლასიფიკაციის ინდექსი
Universal Decimal Classification number 159.943 კ-22
100 ## - მთავარი ჩანაწერი - პიროვნების სახელი
Personal name კანემანი, დანიელ
9 (RLIN) 22742
Relator term ავტორი
245 ## - ცნობა სათაურის შესახებ
Title იფიქრე სწრაფად, იფიქრე ნელა /
Statement of responsibility, etc დანიელ კანემანი, ინგლ.თარგმ. ხათუნა ბასილაშვილმა
264 ## - წარმოების, გამოცემის, დისტრიბუციის და სხვა ცნობები
გამოცემის, წარმოების, დისტრიბუციის... ადგილი თბილისი:
გამოცემის, წარმოების, დისტრიბუციის... სახელწოდება პალიტრაL,
გამოცემის, წარმოების, დისტრიბუციის... თარიღი 2023.
300 ## - ფიზიკური აღწერა
Extent 635 გვ.:
Other physical details 24 სმ.
440 ## - სერიის ცნობა / დამატებულია ჩანაწერი - სათაური
Title ლურჯი ოკეანე
9 (RLIN) 22743
504 ## - BIBLIOGRAPHY, ETC. NOTE
Bibliography, etc ბიბლიოგრაფ.გვ: 629-635
653 ## - INDEX TERM--UNCONTROLLED
Uncontrolled term იფიქრე სწრაფად, იფიქრე ნელა
653 ## - INDEX TERM--UNCONTROLLED
Uncontrolled term THINKING, FAST AND SLOW
653 ## - INDEX TERM--UNCONTROLLED
Uncontrolled term ადამიანის ფსიქოლოგია
653 ## - INDEX TERM--UNCONTROLLED
Uncontrolled term ქცევის ფსიქოლოგია.
700 ## - ADDED ENTRY--PERSONAL NAME
Personal name ბასილაშვილი,ხათუნა
Relator term მთარგმნელი
9 (RLIN) 22735
942 ## - ADDED ENTRY ELEMENTS (KOHA)
Source of classification or shelving scheme
Koha item type წიგნი
ეგზემპლარები
ჩამოწერის სტატუსი დაკარგული ეგზემპლარის სტატუსი კლასიფიკაციის წყარო ან თაროზე გაწყობის სქემა დაზიანების სტატუსი არ გაიცემა მუდმივი მდებარეობა (დაცვის ადგილი) ამჟამინდელი ადგილსამყოფელი თაროზე განთავსების ადგილი შეძენის თარიღი ღირებულება, შესყიდვის ნორმალური ფასი სრული შენახვის შიფრი შტრიხკოდი ბოლო ოპერაციის თარიღი ეგზემპლარის მიმდევრობითი ნომერი (კეტერი?) ფასის ძალაში შესვლის თარიღი ეგზემპლარის სახეობა საჯარო შენიშვნა
          ბათუმის შოთა რუსთაველის სახელმწიფო უნივერსიტეტის მთავარი ბიბლიოთეკა ბათუმის შოთა რუსთაველის სახელმწიფო უნივერსიტეტის მთავარი ბიბლიოთეკა წიგნსაცავი 2024-07-05 29.00 159.943 კ-22 68485 2024-07-05 68485 2024-07-05 წიგნი 29ლ.95თ.
          ბათუმის შოთა რუსთაველის სახელმწიფო უნივერსიტეტის მთავარი ბიბლიოთეკა ბათუმის შოთა რუსთაველის სახელმწიფო უნივერსიტეტის მთავარი ბიბლიოთეკა წიგნსაცავი 2024-07-05 29.00 159.943 კ-22 68486 2024-07-05 68486 2024-07-05 წიგნი 29ლ.95თ.
          ბათუმის შოთა რუსთაველის სახელმწიფო უნივერსიტეტის მთავარი ბიბლიოთეკა ბათუმის შოთა რუსთაველის სახელმწიფო უნივერსიტეტის მთავარი ბიბლიოთეკა წიგნსაცავი 2024-07-05 29.00 159.943 კ-22 68487 2024-07-05 68487 2024-07-05 წიგნი 29ლ.95თ.
          ბათუმის შოთა რუსთაველის სახელმწიფო უნივერსიტეტის მთავარი ბიბლიოთეკა ბათუმის შოთა რუსთაველის სახელმწიფო უნივერსიტეტის მთავარი ბიბლიოთეკა წიგნსაცავი 2024-07-05 29.00 159.943 კ-22 68488 2024-07-05 68488 2024-07-05 წიგნი 29ლ.95თ.
          ბათუმის შოთა რუსთაველის სახელმწიფო უნივერსიტეტის მთავარი ბიბლიოთეკა ბათუმის შოთა რუსთაველის სახელმწიფო უნივერსიტეტის მთავარი ბიბლიოთეკა წიგნსაცავი 2024-07-05 29.00 159.943 კ-22 68489 2024-07-05 68489 2024-07-05 წიგნი 29ლ.95თ.